|
|
|
|
| LEADER |
01477nam a2200289 a 4500 |
| 001 |
15584157 |
| 003 |
BD-DhAAL |
| 008 |
090720r20072006nyu b 001 0 eng d |
| 010 |
|
|
|a 2009368586
|
| 020 |
|
|
|a 0713999098
|
| 040 |
|
|
|a DLC
|c DLC
|d DLC
|d BD-DhAAL
|
| 082 |
0 |
0 |
|a 337
|2 22
|
| 100 |
1 |
|
|a Stiglitz, Joseph E.
|
| 245 |
1 |
0 |
|a Making globalization work /
|c Joseph E. Stiglitz.
|
| 260 |
|
|
|a New York :
|b W.W. Norton & Co.,
|c c2007.
|
| 300 |
|
|
|a xxv, 358 pages ;
|c 21 cm.
|
| 500 |
|
|
|a Originally published: New York : W.W. Norton & Co., c2006[reprinted 2007].
|
| 500 |
|
|
|a "With a new afterword"--Cover.
|
| 504 |
|
|
|a Includes bibliographical references and index.
|
| 505 |
0 |
|
|a Another world is possible -- The promise of development -- Making trade fair -- Patents, profits, and people -- Lifting the resource curse -- Saving the planet -- The multinational corporation -- The burden of debt -- Reforming the global reserve system -- Democratizing globalization.
|
| 526 |
|
|
|x Salim khan
Sr. program Associate
James P. Grant School.
Course name and no. N/A
|
| 541 |
1 |
|
|a Book view
|e 00018406
|
| 650 |
|
0 |
|a Globalization
|x Economic aspects.
|
| 852 |
4 |
|
|a SPH
|j General Shelf.
|
| 942 |
|
|
|2 ddc
|c BK
|
| 999 |
|
|
|c 2588
|d 2588
|
| 952 |
|
|
|0 0
|1 0
|2 ddc
|4 0
|6 337_000000000000000_STI
|7 0
|9 2359
|a JPGSPH
|b JPGSPH
|d 2009-04-28
|e Book View
|g 300.00
|l 0
|o 337 STI
|p 3060018406
|r 2009-07-21
|t 1
|w 2009-07-21
|y BK
|x Requisitioned by Salim khan, Sr. program Associate, James P. Grant School. Course name and no. N/A
|